[Event "Madrid-ch sf"]
[Site "Madrid"]
[Date "2016.02.15"]
[Round "4"]
[White "Martin Consuegra, Barrilero Javier"]
[Black "Lopez Ziegler, Juan Jose"]
[Result "0-1"]
[WhiteElo "1805"]
[BlackElo "1574"]
[PlyCount "128"]
[EventDate "2016.02.08"]
[EventType "swiss"]
[EventRounds "9"]
[EventCountry "ESP"]
[SourceTitle "CBM 171 Extra"]
[Source "ChessBase"]
[SourceDate "2016.04.26"]
[SourceVersion "1"]
[SourceVersionDate "2016.04.26"]
[SourceQuality "1"]

1. d4 Nf6 2. Bf4 d5 3. e3 c5 4. c3 Nc6 5. Nd2 e6 6. Ngf3 Bd6 7. Ne5 cxd4 8. exd4 Qc7 9. Ndf3 Ne4 10. Bb5 0-0 11. Bxc6 bxc6 12. Be3 f6 13. Nd3 Ba6 14. 0-0 Qb6 15. Rb1 Qb5 16. Nf4 Bxf4 17. Bxf4 Qxf1+ 18. Qxf1 Bxf1 19. Kxf1 g5 20. Bc1 Rab8 21. Ra1 c5 22. Ke2 g4 23. Nd2 Nxd2 24. Kxd2 cxd4 25. cxd4 Rb4 26. Kd3 Rc8 27. b3 Rb7 28. Bf4 Kf7 29. Re1 Re7 30. Bd6 Ree8 31. b4 Rc6 32. Bc5 a6 33. Re3 Rb8 34. h3 h5 35. hxg4 hxg4 36. f4 gxf3 37. gxf3 Rcc8 38. f4 Rh8 39. Rg3 Rh2 40. a4 Ra2 41. Rf3 Rxa4 42. Kc2 Raxb4 43. Bxb4 Rxb4 44. Kc3 Rc4+ 45. Kd3 a5 46. Rf1 Kg6 47. f5+ exf5 48. Rg1+ Kf7 49. Rf1 a4 50. Rxf5 Ke6 51. Rf2 a3 52. Ra2 Ra4 53. Kc3 f5 54. Kb3 Rxd4 55. Kxa3 Ke5 56. Kb3 f4 57. Kc3 f3 58. Rf2 Rf4 59. Kd3 d4 60. Rf1 Kf5 61. Rg1 f2 62. Rf1 Ke5 63. Ke2 Ke4 64. Kd2 Kf3 0-1

[Event "San Sebastian de los Reyes op 17th"]
[Site "San Sebastian"]
[Date "2015.12.02"]
[Round "3"]
[White "Lopez Ziegler, Juan Jose"]
[Black "Guillo Longares, Cecilia"]
[Result "1/2-1/2"]
[WhiteElo "1543"]
[BlackElo "1815"]
[PlyCount "53"]
[EventDate "2015.11.30"]
[EventType "swiss"]
[EventRounds "9"]
[EventCountry "ESP"]
[SourceTitle "CBM 170 Extra"]
[Source "ChessBase"]
[SourceDate "2016.02.25"]
[SourceVersion "1"]
[SourceVersionDate "2016.02.25"]
[SourceQuality "1"]

1. d4 Nf6 2. Bf4 c5 3. e3 g6 4. Be2 Bg7 5. c3 b6 6. Nd2 Bb7 7. Ngf3 0-0 8. h3 d6 9. 0-0 Nbd7 10. Qb3 Qc7 11. Rac1 a6 12. Bh2 b5 13. Qc2 Rfc8 14. Rfe1 Qa5 15. a3 b4 16. axb4 cxb4 17. c4 Qb6 18. Ra1 a5 19. b3 Nd5 20. Nb1 Qc6 21. Bd3 N5b6 22. Nbd2 e5 23. Qb1 exd4 24. Be4 d5 25. cxd5 Nxd5 26. exd4 Qa6 27. Nc4 1/2-1/2

[Event "Madrid San Viator op 25th"]
[Site "Madrid"]
[Date "2015.11.01"]
[Round "6"]
[White "Lopez Ziegler, Juan Jose"]
[Black "Miguens Mata, Jose Luis"]
[Result "1-0"]
[WhiteElo "1543"]
[BlackElo "1526"]
[PlyCount "71"]
[EventDate "2015.10.04"]
[EventType "swiss"]
[EventRounds "9"]
[EventCountry "ESP"]
[SourceTitle "CBM 169 Extra"]
[Source "ChessBase"]
[SourceDate "2015.12.18"]
[SourceVersion "1"]
[SourceVersionDate "2015.12.18"]
[SourceQuality "1"]

1. d4 d5 2. Bf4 Nc6 3. e3 Bf5 4. c3 e6 5. Nf3 Bd6 6. Ne5 Nxe5 7. dxe5 Be7 8. Bb5+ c6 9. Be2 Bg5 10. Bg3 Bh4 11. Nd2 Bxg3 12. hxg3 Qc7 13. f4 Qb6 14. Kf2 Qxb2 15. Qc1 Qxc1 16. Rhxc1 Ne7 17. c4 0-0 18. Kf3 Rfd8 19. cxd5 cxd5 20. Rc7 Nc6 21. Rxb7 Rab8 22. Rxb8 Rxb8 23. Rc1 Rc8 24. Nb3 a6 25. Bxa6 Rc7 26. Bb5 Be4+ 27. Kf2 d4 28. Na5 dxe3+ 29. Kxe3 Bxg2 30. Bxc6 Bd5 31. Rc2 Kf8 32. Kd3 Bxc6 33. Rxc6 Rd7+ 34. Rd6 Rc7 35. Nc6 g6 36. a4 1-0

[Event "Madrid San Viator op 25th"]
[Site "Madrid"]
[Date "2015.10.18"]
[Round "4"]
[White "Lopez Ziegler, Juan Jose"]
[Black "Perez Sempere, Alberto"]
[Result "0-1"]
[WhiteElo "1543"]
[BlackElo "1774"]
[PlyCount "80"]
[EventDate "2015.10.04"]
[EventType "swiss"]
[EventRounds "9"]
[EventCountry "ESP"]
[SourceTitle "CBM 169 Extra"]
[Source "ChessBase"]
[SourceDate "2015.12.18"]
[SourceVersion "1"]
[SourceVersionDate "2015.12.18"]
[SourceQuality "1"]

1. d4 Nf6 2. Bf4 c5 3. e3 Qb6 4. Nc3 g6 5. Nb5 d6 6. dxc5 Qxc5 7. h3 a6 8. Nc3 Bg7 9. Be2 Bd7 10. Bh2 b5 11. Bf3 Nc6 12. Rb1 Rc8 13. Nge2 0-0 14. 0-0 Rc7 15. Nf4 Ne5 16. Nfd5 Nxf3+ 17. Qxf3 Nxd5 18. Nxd5 Bc6 19. Nxe7+ Rxe7 20. Qd1 Be5 21. c3 Bxh2+ 22. Kxh2 Rd8 23. Qe2 Qe5+ 24. Kg1 Qe4 25. Qg4 Qxg4 26. hxg4 Re4 27. Rbd1 Rxg4 28. g3 Bf3 29. Rd4 Rxd4 30. exd4 Re8 31. a4 Re2 32. axb5 axb5 33. b4 Rc2 34. Kh2 Rxc3 35. Re1 Rc2 36. Kh3 Rxf2 37. Re3 Bd5 38. Kg4 Kg7 39. Re7 Kf6 40. Ra7 Be6+ 0-1

[Event "Madrid Codes Memorial 9th"]
[Site "Madrid"]
[Date "2015.05.10"]
[Round "5"]
[White "Martin Garcia, Francisco Javier"]
[Black "Lopez Ziegler, Juan Jose"]
[Result "1-0"]
[WhiteElo "1576"]
[BlackElo "1573"]
[PlyCount "123"]
[EventDate "2015.03.29"]
[EventType "swiss"]
[EventRounds "9"]
[EventCountry "ESP"]
[SourceTitle "EXT 2019"]
[Source "ChessBase"]
[SourceDate "2018.10.10"]
[SourceVersion "1"]
[SourceVersionDate "2018.10.10"]
[SourceQuality "1"]

1. d4 Nf6 2. Nf3 e6 3. g3 Nc6 4. Bg2 g6 5. 0-0 Bg7 6. c4 0-0 7. Nc3 d6 8. e4 Qe7 9. h3 e5 10. Be3 exd4 11. Nxd4 Nxd4 12. Bxd4 c5 13. Be3 Be6 14. Nd5 Bxd5 15. exd5 Nd7 16. Re1 Rfe8 17. Qd2 Qf6 18. Rab1 Ne5 19. Bg5 Nf3+ 20. Bxf3 Qxf3 21. Bf4 Be5 22. Bxe5 Rxe5 23. Rxe5 dxe5 24. Re1 Qf6 25. b3 Qd6 26. Kg2 f5 27. h4 Kg7 28. h5 b6 29. hxg6 Kxg6 30. Rh1 h5 31. f3 Rh8 32. g4 fxg4 33. fxg4 e4 34. gxh5+ Rxh5 35. Rxh5 Kxh5 36. Qe2+ Kh6 37. Qxe4 Kg7 38. Qg4+ Kf6 39. Qh4+ Kf5 40. Qh7+ Kg4 41. Qg7+ Kf5 42. Qh7+ Kg4 43. Qh3+ Kg5 44. Qg3+ Qxg3+ 45. Kxg3 Kf5 46. Kf3 Ke5 47. Kg4 b5 48. Kg5 a5 49. Kg6 a4 50. Kf7 axb3 51. axb3 bxc4 52. bxc4 Kd4 53. d6 Kxc4 54. d7 Kb3 55. d8Q c4 56. Qd5 Kb4 57. Qd1 c3 58. Qc1 Kc4 59. Ke6 Kb3 60. Kd5 c2 61. Kd4 Ka2 62. Kd3 1-0

[Event "Madrid Codes Memorial 9th"]
[Site "Madrid"]
[Date "2015.04.12"]
[Round "2"]
[White "Cuellar Gutierrez, Raul"]
[Black "Lopez Ziegler, Juan Jose"]
[Result "1-0"]
[WhiteElo "1781"]
[BlackElo "1573"]
[PlyCount "131"]
[EventDate "2015.03.29"]
[EventType "swiss"]
[EventRounds "9"]
[EventCountry "ESP"]
[SourceTitle "EXT 2019"]
[Source "ChessBase"]
[SourceDate "2018.10.10"]
[SourceVersion "1"]
[SourceVersionDate "2018.10.10"]
[SourceQuality "1"]

1. c4 e5 2. Nc3 Bb4 3. Qc2 Nf6 4. e3 0-0 5. Be2 Nc6 6. Nf3 d6 7. 0-0 Bxc3 8. Qxc3 e4 9. Ne1 Re8 10. d3 b6 11. b3 Bb7 12. Bb2 exd3 13. Bf3 Rb8 14. Nxd3 Ne5 15. Nxe5 dxe5 16. Bxb7 Rxb7 17. Rfd1 Qe7 18. a4 Nd7 19. Rd2 f6 20. Rad1 Nc5 21. f3 Na6 22. Rd7 Qb4 23. Qd3 Kh8 24. Rd8 Rb8 25. Rxb8 Nxb8 26. Qd8 Qe1+ 27. Rxe1 Rxd8 28. f4 e4 29. b4 Na6 30. c5 Nxb4 31. cxb6 cxb6 32. Bd4 Nc2 33. Rc1 Nxd4 34. exd4 h5 35. Rd1 Rd5 36. Kf2 f5 37. Ke3 Kg8 38. h3 Kf7 39. g4 hxg4 40. hxg4 fxg4 41. Kxe4 Ra5 42. Rg1 Rxa4 43. Rxg4 Rc4 44. Rg5 g6 45. Rd5 Rc7 46. Rb5 Rb7 47. Kd5 a6 48. Rb1 b5 49. Kc6 Rb8 50. d5 b4 51. Kc7 Rb5 52. d6 Rc5+ 53. Kb6 Rd5 54. Kc6 Rd4 55. d7 Rxd7 56. Kxd7 a5 57. Ra1 b3 58. Rxa5 Kf6 59. Rb5 b2 60. Rxb2 Kf5 61. Rf2 Kg4 62. Rg2+ Kf5 63. Rg5+ Kf6 64. Kd6 Kf7 65. Ke5 Kg7 66. f5 1-0

[Event "Madrid Codes Memorial 9th"]
[Site "Madrid"]
[Date "2015.03.29"]
[Round "1"]
[White "Lopez Ziegler, Juan Jose"]
[Black "Pindado Campos, Raul"]
[Result "0-1"]
[WhiteElo "1573"]
[BlackElo "1919"]
[PlyCount "140"]
[EventDate "2015.03.29"]
[EventType "swiss"]
[EventRounds "9"]
[EventCountry "ESP"]
[SourceTitle "EXT 2019"]
[Source "ChessBase"]
[SourceDate "2018.10.10"]
[SourceVersion "1"]
[SourceVersionDate "2018.10.10"]
[SourceQuality "1"]

1. d4 Nf6 2. Bf4 d6 3. e3 g6 4. h3 Bg7 5. c4 0-0 6. Nc3 a6 7. Nf3 Nbd7 8. Be2 c5 9. d5 Rb8 10. Qc2 Qa5 11. 0-0 b5 12. cxb5 axb5 13. a4 b4 14. Nb5 Nxd5 15. Bh2 Ra8 16. Rad1 Nc7 17. b3 Nf6 18. Nxc7 Qxc7 19. Nd4 Qb6 20. Bf3 Bb7 21. Bxb7 Qxb7 22. Nb5 Ne8 23. Rc1 Nc7 24. Nxc7 Qxc7 25. Qe4 Ra7 26. Rfd1 Rc8 27. Qc4 Qc6 28. e4 Qa6 29. Qxa6 Rxa6 30. Rc4 Rac6 31. Rd5 Bd4 32. g4 f6 33. g5 fxg5 34. Kg2 e5 35. f3 Kf7 36. Bg1 Bxg1 37. Kxg1 Ke6 38. Kf2 Rf8 39. Kg3 Rc7 40. Rd3 Rcf7 41. Rc1 h5 42. Rcd1 Rd7 43. Rc1 Rc7 44. Rc4 Rcf7 45. Rc1 Ke7 46. Rcd1 Rf6 47. Ra1 Rf4 48. Rad1 R4f6 49. Rc1 Rc8 50. Rc4 Kd7 51. Rd5 Kc6 52. Rc1 Rcf8 53. Rd3 Rf4 54. Rc4 g4 55. hxg4 hxg4 56. fxg4 g5 57. Re3 Rf2 58. Rc1 Rb2 59. Rh1 Rff2 60. Rc1 Rg2+ 61. Kh3 Rh2+ 62. Kg3 Rbg2+ 63. Kf3 Rh3+ 64. Kxg2 Rxe3 65. Rb1 Rxe4 66. Kf3 Rf4+ 67. Kg3 e4 68. Rb2 d5 69. Rf2 Rxf2 70. Kxf2 c4 0-1

[Event "San Sebastian de los Reyes op 16th"]
[Site "San Sebastian"]
[Date "2014.12.02"]
[Round "3"]
[White "Lopez Ziegler, Juan Jose"]
[Black "Bustos Serrano, Doroteo"]
[Result "0-1"]
[WhiteElo "1510"]
[BlackElo "2057"]
[PlyCount "94"]
[EventDate "2014.11.30"]
[EventType "swiss"]
[EventRounds "9"]
[EventCountry "ESP"]
[SourceTitle "CBM 163 Extra"]
[Source "ChessBase"]
[SourceDate "2014.12.23"]
[SourceVersion "1"]
[SourceVersionDate "2014.12.23"]
[SourceQuality "1"]

1. d4 g6 2. Bf4 Bg7 3. e3 d6 4. Nf3 Nd7 5. Be2 e5 6. Bg3 Nh6 7. dxe5 dxe5 8. e4 0-0 9. Nc3 c6 10. h3 f6 11. Bc4+ Nf7 12. 0-0 b5 13. Bb3 Nc5 14. Bxf7+ Kxf7 15. b4 Na6 16. Qxd8 Rxd8 17. a3 Be6 18. Rfd1 Bh6 19. Bh4 g5 20. Bg3 g4 21. hxg4 Bxg4 22. Bh4 Ke6 23. Rd3 Rxd3 24. cxd3 Bxf3 25. gxf3 Nc7 26. Kf1 a5 27. Ra2 axb4 28. axb4 Rxa2 29. Nxa2 Na6 30. Ke2 Bf8 31. Bg3 Nxb4 32. Nxb4 Bxb4 33. f4 exf4 34. Bxf4 Bd6 35. Be3 f5 36. Kf3 b4 37. d4 b3 38. Bc1 Bb4 39. Bb2 h5 40. Kf4 Bd2+ 41. Kf3 h4 42. exf5+ Kxf5 43. Kg2 Ke6 44. Kh3 Bg5 45. Kg4 Kd5 46. f4 Bf6 47. f5 c5 0-1

[Event "Madrid Codes Memorial 8th"]
[Site "Madrid"]
[Date "2014.05.04"]
[Round "6"]
[White "Pindado del Carmen, Eliseo"]
[Black "Lopez Ziegler, Juan Jose"]
[Result "1-0"]
[WhiteElo "1604"]
[BlackElo "1512"]
[PlyCount "108"]
[EventDate "2014.03.23"]
[EventType "swiss"]
[EventRounds "9"]
[EventCountry "ESP"]
[SourceTitle "EXT 2019"]
[Source "ChessBase"]
[SourceDate "2018.10.10"]
[SourceVersion "1"]
[SourceVersionDate "2018.10.10"]
[SourceQuality "1"]

1. d4 Nf6 2. Nf3 d5 3. e3 Bg4 4. Be2 e6 5. b3 Bb4+ 6. c3 Bd6 7. Nbd2 0-0 8. Qc2 h6 9. Bd3 c5 10. h3 Bxf3 11. Nxf3 Nc6 12. 0-0 Rc8 13. c4 Nb4 14. Qe2 Nxd3 15. Qxd3 dxc4 16. bxc4 Qc7 17. Nd2 Rfd8 18. d5 exd5 19. Bb2 dxc4 20. Qc2 Be5 21. Nxc4 Bxb2 22. Qxb2 Rd5 23. Rab1 b6 24. f3 Rcd8 25. e4 Rd4 26. Rbc1 Qf4 27. a4 Rxc4 28. Rxc4 Qg5 29. Qc1 Qg3 30. Rd1 Re8 31. Qe3 Nh5 32. Qf2 Qg6 33. Kh2 Qe6 34. Rc2 Qb3 35. Qe2 Qxa4 36. Ra2 Qc6 37. Rxa7 Nf4 38. Qc4 Ne6 39. Rdd7 b5 40. Qd5 Qxd5 41. exd5 Nf4 42. Rxf7 Nxd5 43. Rxg7+ Kh8 44. Rgd7 Nc3 45. Rdc7 c4 46. Rab7 Kg8 47. h4 Nd5 48. Rg7+ Kh8 49. Rh7+ Kg8 50. Rxh6 b4 51. Rd6 Re7 52. Rb8+ Kf7 53. Rxd5 Ke6 54. Rc5 c3 1-0

[Event "Madrid San Viator op 21st"]
[Site "Madrid"]
[Date "2013.10.06"]
[Round "2"]
[White "Lopez Ziegler, Juan Jose"]
[Black "Yeves Miquel, Enrique"]
[Result "0-1"]
[WhiteElo "1523"]
[BlackElo "1713"]
[PlyCount "128"]
[EventDate "2013.09.29"]
[EventType "swiss"]
[EventRounds "9"]
[EventCountry "ESP"]
[SourceTitle "EXT 2015"]
[Source "ChessBase"]
[SourceDate "2014.11.20"]
[SourceVersion "1"]
[SourceVersionDate "2014.11.20"]
[SourceQuality "1"]

1. d4 d5 2. Bf4 Nf6 3. e3 c5 4. c3 Nc6 5. Bd3 Qb6 6. Qc1 Bg4 7. h3 Bh5 8. Nd2 Rc8 9. Ngf3 cxd4 10. exd4 e6 11. Qb1 Bg6 12. Bxg6 hxg6 13. Ne5 Nxe5 14. Bxe5 Bd6 15. Nf3 Bxe5 16. Nxe5 Ke7 17. Qc1 Nd7 18. Qg5+ Ke8 19. 0-0 Rh5 20. Nxd7 Kxd7 21. Qf4 Ke7 22. Rfe1 Qd6 23. Qg4 Rc6 24. Re3 Kf8 25. Rae1 Qd8 26. Rf3 Rf5 27. Rxf5 gxf5 28. Qh5 Kg8 29. Re3 g6 30. Rg3 Qf6 31. Qh6 Qh8 32. Qg5 Kg7 33. Qe7 Rb6 34. b3 Qh5 35. f3 Qh8 36. Qc7 Qf8 37. h4 Qd6 38. Qxd6 Rxd6 39. f4 b5 40. Re3 Rc6 41. Kf2 Kh6 42. Kg3 Kh5 43. Kh3 a5 44. a3 a4 45. b4 f6 46. g3 g5 47. hxg5 fxg5 48. Rd3 Rc7 49. Re3 Re7 50. Re1 Kg6 51. g4 gxf4 52. gxf5+ Kxf5 53. Re5+ Kf6 54. Kg4 Rc7 55. Kxf4 Rxc3 56. Rh5 Rxa3 57. Rh6+ Ke7 58. Rh7+ Kd6 59. Ra7 Ra1 60. Ra6+ Kd7 61. Rb6 a3 62. Ke3 a2 63. Kd2 Rd1+ 64. Kxd1 a1Q+ 0-1

[Event "Madrid-ch Previa-B"]
[Site "Madrid"]
[Date "2013.02.23"]
[Round "9"]
[White "Vela Martinez, Jose"]
[Black "Lopez Ziegler, Juan Jose"]
[Result "1-0"]
[WhiteElo "1542"]
[BlackElo "1451"]
[PlyCount "29"]
[EventDate "2013.02.01"]
[EventType "swiss"]
[EventRounds "9"]
[EventCountry "ESP"]
[SourceTitle "CBM 152 Extra"]
[Source "ChessBase"]
[SourceDate "2013.02.25"]
[SourceVersion "1"]
[SourceVersionDate "2013.02.25"]
[SourceQuality "1"]

1. e4 c6 2. d4 d5 3. exd5 cxd5 4. h3 Nc6 5. Nf3 Bf5 6. Nc3 e6 7. a3 Bd6 8. Bd3 Bg6 9. 0-0 Qb6 10. Re1 Nge7 11. Nb5 Bb8 12. Nc3 a6 13. b4 Nxd4 14. Nxd4 Qxd4 15. Bb5+ 1-0